Alle Städte in NRW nach Buchstabe - H - Statistiken

Allgemein
  • Dieses Quiz wurde 193 mal gespielt
  • Das Durchschnittsergebnis liegt bei 21 aus 43
Antworten auf der Karte
Die Antworten werden auf der Karte rot bzw. grün angezeigt, abhängig davon wie oft sie richtig erraten wurden.
 
Antwortstatistiken
Name % Korrekt
Hamm
94%
Hagen
86%
Herne
86%
Herford
72%
Hilden
71%
Heinsberg
70%
Hürth
70%
Höxter
69%
Herten
68%
Haan
66%
Haltern am See
62%
Hattingen
62%
Halle (Westf.)
58%
Hamminkeln
56%
Hünxe
53%
Hemer
52%
Harsewinkel
50%
Herdecke
50%
Halver
48%
Hennef (Sieg)
44%
Hückelhoven
43%
Heiligenhaus
42%
Hille
42%
Hilchenbach
41%
Herzogenrath
39%
Hallenberg
38%
Heiden
37%
Horstmar
37%
Heimbach
36%
Hückeswagen
36%
Havixbeck
34%
Hörstel
34%
Herscheid
33%
Horn-Bad Meinberg
33%
Hopsten
32%
Heek
30%
Hövelhof
30%
Herzebrock-Clarholz
29%
Hüllhorst
29%
Hürtgenwald
29%
Hellenthal
28%
Hiddenhausen
27%
Holzwickede
26%
Keine übereinstimmenden Quizze gefunden
Verteilung der Resultate
Anzahl Personen mit jedem Resultat
Perzentil nach korrekt beantworteten Fragen
Ihre Resultats-Entwicklung
Sie haben dieses Quiz noch nicht gespielt